Państwa Ameryki Północnej bez podpowiedzi - Statystyki

Ogólne statystyki
  • Ten quiz został rozwiązany 127 razy
  • Średni wynik to 20 z 23
Statystyki odpowiedzi
Państwa % Poprawnych
Stany Zjednoczone
100%
Kanada
97%
Meksyk
95%
Dominika
92%
Honduras
92%
kuba
92%
Panama
92%
Dominikana
91%
Kostaryka
90%
Belize
89%
Haiti
89%
Gwatemala
88%
Nikaragua
87%
Salwador
87%
Jamajka
86%
Bahamy
85%
Saint Lucia
85%
Saint Kitts i Nevis
83%
Saint Vincent i Grenadyny
83%
Antigua i Barbuda
81%
Barbados
81%
Grenada
81%
Trynidad i Tobago
81%
Nie znaleziono quizów pasujących do podanych kryteriów
Rozkład punktacji
Procent ludzi z każdym wynikiem
Percentyl według liczby udzielonych odpowiedzi
Twoja historia wyników
Nie rozwiązałeś tego quizu